00414pab a2200133 454500008004000000100003000040245009800070260000900168300001500177362001200192650002100204650001100225773004400236180718b1982 xxu||||| |||| 00| 0 eng d aIgbinovia, Patrick Edobor aThe police in trouble: Administrative and organisational problems in the Nigeria police force c1982 ap.334-372. aApr-Jun aPolice - Nigeria aPolice aIndian Journal of Public Administration